|
|
|
|
| LEADER |
01293nam a2200241 a 4500 |
| 008 |
140828s1989 bg a b 001 0 eng |
| 010 |
|
|
|a 90901577
|
| 040 |
|
|
|a DLC
|c DLC
|d DLC
|d BD-DhAAL
|
| 082 |
|
|
|2 22
|a 338.9549/2 CHA
|
| 100 |
1 |
|
|a Chadha, I. S.
|9 5536
|
| 245 |
1 |
0 |
|a Managing projects in Bangladesh :
|b a scenario analysis of institutional environment for development projects /
|c Skylark Chadha.
|
| 250 |
|
|
|a 2nd rev. ed.
|
| 260 |
|
|
|a Dhaka :
|b University Press,
|c 1989.
|
| 300 |
|
|
|a xx, 362 p. :
|b ill. ;
|c 25 cm.
|
| 500 |
|
|
|a Updated ed. of: Management of industrial projects in Bangladesh, 1984.
|
| 504 |
|
|
|a Includes bibliographical references (p. 353-356)
|
| 541 |
|
|
|e 00016753
|
| 650 |
|
0 |
|a Economic development projects
|z Bangladesh
|x Management
|x Outlines, syllabi, etc.
|9 5537
|
| 942 |
|
|
|2 ddc
|c BK
|
| 999 |
|
|
|c 32902
|d 32902
|
| 952 |
|
|
|0 0
|1 0
|2 ddc
|4 0
|6 338_954920000000000_CHA
|7 0
|9 43475
|a IGS
|b IGS
|c GEN
|d 2014-08-28
|l 0
|o 338.95492 CHA
|p 3010016753
|r 2014-08-28
|t 1
|w 2014-08-28
|y BK
|
| 952 |
|
|
|0 0
|1 0
|2 ddc
|4 0
|6 338_954920000000000_CHA
|7 0
|9 52815
|a SCL
|b SCL
|c GEN
|d 2015-03-01
|g 450.00
|l 0
|o 338.95492 CHA
|p 3020000645
|r 2015-03-01
|t 2
|w 2015-03-01
|y BK
|
| 952 |
|
|
|0 0
|1 0
|2 ddc
|4 0
|6 338_954900000000000_2_CHA
|7 0
|9 55822
|a SCL
|b SCL
|c GEN
|d 2015-09-10
|g 450.00
|l 0
|o 338.95492 CHA
|p 3020001158
|r 2015-09-10
|t 3
|w 2015-09-10
|y BK
|